[Event "GER Cup Net V4 U1600"]
[Site "Playchess.com INT"]
[Date "2020.05.31"]
[Round "5"]
[White "Dohm Acker, Erwin"]
[Black "Hierl, Johannes"]
[Result "0-1"]
[WhiteElo "1424"]
[BlackElo "1520"]
[PlyCount "88"]
[EventDate "2020.05.31"]
[EventType "swiss (blitz)"]
[EventRounds "9"]
[EventCountry "GER"]
[SourceTitle "EXT 2021"]
[Source "ChessBase"]
[SourceDate "2020.10.23"]
[SourceVersion "1"]
[SourceVersionDate "2020.10.23"]
[SourceQuality "1"]

1. Nf3 d5 2. d4 Bf5 3. b4 e6 4. a3 c6 5. e3 Bd6 6. c4 Nd7 7. c5 Bc7 8. Bd3 Bg6 9. Bxg6 hxg6 10. 0-0 Ngf6 11. Nc3 Qb8 12. g3 b6 13. Kg2 Ke7 14. Ne2 Rh7 15. Ng5 Rh5 16. Nf3 Qh8 17. Rh1 Ng4 18. Nf4 Bxf4 19. exf4 f5 20. h4 Ndf6 21. Ne5 Qh7 22. cxb6 axb6 23. f3 Nh6 24. Qc2 Nf7 25. Qxc6 Nxe5 26. Qxa8 Nd3 27. Qb7+ Nd7 28. Be3 Qh8 29. Rhd1 Nb2 30. Rd2 Nc4 31. Re2 Qd8 32. Qc6 Rh8 33. Qb5 Qc7 34. Rc1 Rc8 35. Rxc4 Qxc4 36. Kh3 Qxb5 37. Rb2 Rc4 38. Bd2 Qc6 39. Bc3 Rxc3 40. b5 Qc7 41. a4 Rc2 42. Rb3 Qc4 43. Re3 Rc3 44. Re2 Qxe2 0-1

[Event "GER Cup Net V4 U1600"]
[Site "Playchess.com INT"]
[Date "2020.05.31"]
[Round "4"]
[White "Hierl, Johannes"]
[Black "Siemianowski, Regina"]
[Result "0-1"]
[WhiteElo "1520"]
[BlackElo "1440"]
[PlyCount "128"]
[EventDate "2020.05.31"]
[EventType "swiss (blitz)"]
[EventRounds "9"]
[EventCountry "GER"]
[SourceTitle "EXT 2021"]
[Source "ChessBase"]
[SourceDate "2020.10.23"]
[SourceVersion "1"]
[SourceVersionDate "2020.10.23"]
[SourceQuality "1"]

1. d4 d5 2. Bf4 c6 3. e3 e6 4. c3 f5 5. Nd2 Nf6 6. Ngf3 Be7 7. Bd3 0-0 8. Qe2 Ne4 9. Bxe4 fxe4 10. Ne5 Nd7 11. 0-0-0 c5 12. Qg4 cxd4 13. Qxe6+ Kh8 14. exd4 Rxf4 15. Nf7+ Rxf7 16. Qxf7 Nf6 17. g4 Bxg4 18. Rdg1 Qg8 19. Qxe7 Bf3 20. Nxf3 exf3 21. Qe3 Rf8 22. Qxf3 Nd7 23. Qe2 Nb6 24. Rg2 Qf7 25. Rhg1 g6 26. Kc2 Nc4 27. b3 Qf5+ 28. Qd3 Na3+ 29. Kd2 Qf4+ 30. Qe3 Nb1+ 31. Ke2 Qf5 32. Qd3 Re8+ 33. Qe3 Rxe3+ 34. fxe3 Nxc3+ 35. Kd2 Ne4+ 36. Ke2 Qh5+ 37. Ke1 Qf5 38. Rf1 Qc8 39. Rgg1 Qc3+ 40. Ke2 Qc2+ 41. Kf3 Qxh2 42. Rh1 Ng5+ 43. Kg4 Qe2+ 44. Kg3 Qxe3+ 45. Kh2 Qxd4 46. Rd1 Qf4+ 47. Kg2 Qe4+ 48. Kf1 d4 49. Rg1 Nf3 50. Kf2 d3 51. Rgf1 Nh2 52. Rh1 Ng4+ 53. Kg1 Qe3+ 54. Kg2 d2 55. Rh3 Qf2+ 56. Kh1 Qe1+ 57. Rxe1 dxe1Q+ 58. Kg2 Qf2+ 59. Kh1 Ne3 60. Rh2 Qxh2+ 61. Kxh2 Nd5 62. Kg3 Nc3 63. a3 b5 64. Kg4 a5 0-1

[Event "GER Cup Net V2 U1600"]
[Site "Playchess.com INT"]
[Date "2020.05.22"]
[Round "7"]
[White "Hierl, Johannes"]
[Black "Siemianowski, Regina"]
[Result "1-0"]
[WhiteElo "1485"]
[BlackElo "1387"]
[PlyCount "117"]
[EventDate "2020.05.22"]
[EventType "swiss (blitz)"]
[EventRounds "9"]
[EventCountry "GER"]
[SourceTitle "EXT 2021"]
[Source "ChessBase"]
[SourceDate "2020.10.23"]
[SourceVersion "1"]
[SourceVersionDate "2020.10.23"]
[SourceQuality "1"]

1. Nc3 d5 2. e4 d4 3. Nce2 e5 4. Ng3 Nf6 5. Bc4 b6 6. d3 Bb7 7. Nf3 Nc6 8. Ng5 Qe7 9. Nf5 Qb4+ 10. Bd2 Qxb2 11. Nxf7 Rg8 12. Rb1 Qxa2 13. Bxa2 Nb4 14. Bxb4 Bxb4+ 15. Ke2 Bc3 16. N7d6+ cxd6 17. Bxg8 Kd7 18. Bd5 Bxd5 19. exd5 Nxd5 20. Kf1 Rf8 21. g4 g6 22. Ng3 Ne3+ 23. Kg1 Nxd1 24. Rxd1 b5 25. Ne4 b4 26. Nxc3 bxc3 27. Ra1 Ra8 28. Kg2 a5 29. Rhb1 Kc6 30. Ra4 h5 31. gxh5 gxh5 32. Kf3 Rf8+ 33. Ke2 Ra8 34. Ra3 a4 35. Rb4 Kc5 36. Rbxa4 Rxa4 37. Rxa4 Kb5 38. Ra1 d5 39. Rb1+ Kc5 40. Kf3 Kd6 41. Re1 Ke6 42. Kg3 Kf5 43. f3 Kf6 44. Kh4 Kf5 45. Kg3 e4 46. fxe4+ dxe4 47. Rxe4 Kg5 48. Rxd4 h4+ 49. Rxh4 Kf5 50. Rg4 Ke5 51. h4 Kf5 52. h5 Kf6 53. h6 Ke5 54. h7 Kd5 55. h8Q Ke6 56. Qh5 Kf6 57. Rg6+ Kf7 58. Qh7+ Kf8 59. Rg8# 1-0

[Event "GER Cup Net V1 U1600"]
[Site "Playchess.com INT"]
[Date "2020.05.19"]
[Round "3"]
[White "Kauschanski, Nicolas"]
[Black "Hierl, Johannes"]
[Result "0-1"]
[WhiteElo "1347"]
[BlackElo "1474"]
[PlyCount "84"]
[EventDate "2020.05.19"]
[EventType "swiss (blitz)"]
[EventRounds "9"]
[EventCountry "GER"]
[SourceTitle "EXT 2021"]
[Source "ChessBase"]
[SourceDate "2020.10.23"]
[SourceVersion "1"]
[SourceVersionDate "2020.10.23"]
[SourceQuality "1"]

1. d4 d5 2. Bf4 Bf5 3. e3 e6 4. Bd3 Bg6 5. Nf3 Nf6 6. c4 c6 7. Qb3 Qb6 8. Qxb6 axb6 9. Bxg6 hxg6 10. cxd5 exd5 11. h3 Nbd7 12. 0-0 0-0-0 13. Nc3 Nh5 14. Bh2 Nhf6 15. Na4 b5 16. Nc3 Be7 17. a4 b4 18. Na2 b3 19. Nc3 Ne4 20. Nxe4 dxe4 21. Nd2 Nf6 22. Nxb3 Bd6 23. a5 Bxh2+ 24. Kxh2 Kc7 25. a6 b6 26. Rfc1 Ra8 27. d5 c5 28. Rd1 Kd6 29. a7 Rhd8 30. Nc1 Kc7 31. d6+ Rxd6 32. Rxd6 Kxd6 33. Na2 Kc7 34. b4 cxb4 35. Nxb4 Kb7 36. Na6 Rxa7 37. Kg3 Rxa6 38. Rxa6 Kxa6 39. Kf4 Ka5 40. Ke5 Kb4 41. f3 exf3 42. gxf3 Kc3 0-1

[Event "GER-ch Net Amateur Gr-C Final"]
[Site "Playchess.com INT"]
[Date "2020.04.18"]
[Round "7"]
[White "Hierl, Johannes"]
[Black "Grunwald, Guenther"]
[Result "1/2-1/2"]
[WhiteElo "1590"]
[BlackElo "1481"]
[PlyCount "114"]
[EventDate "2020.04.18"]
[EventType "swiss (blitz)"]
[EventRounds "13"]
[EventCountry "GER"]
[SourceTitle "CBM 195 Extra"]
[Source "ChessBase"]
[SourceDate "2020.05.31"]
[SourceVersion "1"]
[SourceVersionDate "2020.05.31"]
[SourceQuality "1"]

1. Nc3 e5 2. Nf3 d6 3. d4 exd4 4. Nxd4 Nf6 5. e4 Be7 6. Bc4 0-0 7. 0-0 a6 8. a4 c5 9. Nf5 Bxf5 10. exf5 Nc6 11. Re1 Ne5 12. Bb3 c4 13. Ba2 Qd7 14. Bg5 Qxf5 15. Bxf6 Bxf6 16. Qxd6 Rfd8 17. Qc5 Qc8 18. Qxc8 Raxc8 19. Ne4 b5 20. axb5 axb5 21. b3 Ng6 22. Rad1 Rxd1 23. Rxd1 Be5 24. Rd7 h6 25. Rb7 cxb3 26. Bxb3 Rf8 27. Rxb5 Bc3 28. f3 Ba1 29. Kf2 Bf6 30. Nxf6+ gxf6 31. Rb7 Ne5 32. Ke3 Kg7 33. Ke4 Nc6 34. Rb6 Na5 35. Kf5 Rc8 36. Rb5 Nxb3 37. Rxb3 Rc5+ 38. Ke4 Rxc2 39. f4 Rxg2 40. Rg3+ Rxg3 41. hxg3 Kg6 42. Kf3 f5 43. Ke3 h5 44. Kf3 Kf6 45. Kg2 Ke6 46. Kh3 Kd5 47. Kh4 Ke4 48. Kg5 Kf3 49. Kh4 f6 50. Kxh5 Kxg3 51. Kg6 Kxf4 52. Kxf6 Ke4 53. Kg5 f4 54. Kh4 f3 55. Kh3 f2 56. Kg2 Ke3 57. Kf1 Kf3 1/2-1/2

[Event "GER-ch Net Amateur Gr-C Final"]
[Site "Playchess.com INT"]
[Date "2020.04.18"]
[Round "5"]
[White "Hierl, Johannes"]
[Black "Habinski, David"]
[Result "0-1"]
[WhiteElo "1590"]
[BlackElo "1517"]
[PlyCount "60"]
[EventDate "2020.04.18"]
[EventType "swiss (blitz)"]
[EventRounds "13"]
[EventCountry "GER"]
[SourceTitle "CBM 195 Extra"]
[Source "ChessBase"]
[SourceDate "2020.05.31"]
[SourceVersion "1"]
[SourceVersionDate "2020.05.31"]
[SourceQuality "1"]

1. d4 d5 2. Bf4 Nf6 3. e3 e6 4. Nd2 Be7 5. Bd3 0-0 6. c3 Nc6 7. Ngf3 b6 8. h4 Bb7 9. Ne5 Nxe5 10. dxe5 Ne4 11. Qc2 Nxd2 12. Kxd2 h6 13. g4 d4 14. Rhg1 dxe3+ 15. fxe3 Bxh4 16. Rad1 Be4 17. Kc1 Bxd3 18. Rxd3 Qe7 19. g5 hxg5 20. Bh2 Rad8 21. Rxd8 Rxd8 22. Qg2 Qc5 23. Bf4 f6 24. exf6 gxf6 25. Rh1 Kf7 26. Bg3 Qxe3+ 27. Kc2 Qxg3 28. Qc6 Qf2+ 29. Kb3 Qc5 30. Qxc5 bxc5 0-1

[Event "GER-ch Net Amateur Gr-C Final"]
[Site "Playchess.com INT"]
[Date "2020.04.18"]
[Round "6"]
[White "Wartenberg, Alexander"]
[Black "Hierl, Johannes"]
[Result "1/2-1/2"]
[WhiteElo "1511"]
[BlackElo "1590"]
[PlyCount "133"]
[EventDate "2020.04.18"]
[EventType "swiss (blitz)"]
[EventRounds "13"]
[EventCountry "GER"]
[SourceTitle "CBM 195 Extra"]
[Source "ChessBase"]
[SourceDate "2020.05.31"]
[SourceVersion "1"]
[SourceVersionDate "2020.05.31"]
[SourceQuality "1"]

1. e4 g6 2. d4 Bg7 3. Nf3 d6 4. Nc3 Nd7 5. Bc4 a6 6. 0-0 b5 7. Bb3 Bb7 8. Bf4 c5 9. dxc5 Nxc5 10. a3 Nxe4 11. Nxe4 Bxe4 12. Re1 Nf6 13. Bg5 Bxf3 14. Qxf3 0-0 15. Rad1 Re8 16. Bxf6 Bxf6 17. Qd5 Rf8 18. c3 Qc7 19. Bc2 Rac8 20. Be4 Rfe8 21. Qb7 Qxb7 22. Bxb7 Rc7 23. Bxa6 Rb8 24. Rd5 Rc5 25. Rxc5 dxc5 26. g3 Kf8 27. h4 Ke8 28. Re4 Kd8 29. b4 cxb4 30. cxb4 Rb6 31. Bxb5 Rxb5 32. Kg2 Bg7 33. Kf3 e6 34. a4 Rb8 35. b5 Kc7 36. Rc4+ Kb6 37. Rc6+ Kb7 38. a5 Rc8 39. a6+ Kb8 40. Rb6+ Ka7 41. Rb7+ Ka8 42. Rxf7 Bh6 43. Rxh7 Bd2 44. b6 Rb8 45. b7+ Ka7 46. Re7 Kxa6 47. Rxe6+ Kxb7 48. Rxg6 Rf8+ 49. Kg4 Kc7 50. f4 Kd7 51. h5 Ke7 52. h6 Rh8 53. Rg7+ Kf8 54. Kg5 Bc3 55. Rg6 Rg8 56. Rxg8+ Kxg8 57. Kg6 Be1 58. g4 Bg3 59. f5 Bf4 60. h7+ Kh8 61. f6 Bd6 62. f7 Bf8 63. g5 Be7 64. Kh6 Bf8+ 65. Kg6 Be7 66. Kh6 Bf8+ 67. Kg6 1/2-1/2

[Event "GER-ch Net Amateur Gr-C Vor3"]
[Site "Playchess.com INT"]
[Date "2020.04.16"]
[Round "4"]
[White "Roos Nazario, Valentin1111"]
[Black "Hierl, Johannes"]
[Result "0-1"]
[WhiteElo "1365"]
[BlackElo "1556"]
[PlyCount "102"]
[EventDate "2020.04.16"]
[EventType "swiss (blitz)"]
[EventRounds "9"]
[EventCountry "GER"]
[SourceTitle "CBM 195 Extra"]
[Source "ChessBase"]
[SourceDate "2020.05.31"]
[SourceVersion "1"]
[SourceVersionDate "2020.05.31"]
[SourceQuality "1"]

1. e4 e5 2. Nf3 d5 3. exd5 Bd6 4. d4 e4 5. Ne5 Nf6 6. Bg5 0-0 7. Nc3 Nbd7 8. Nxd7 Bxd7 9. Nxe4 Be7 10. Nxf6+ Bxf6 11. Bxf6 Qxf6 12. Bd3 Rfe8+ 13. Be2 Bg4 14. f3 Bf5 15. 0-0 Re3 16. Qd2 Rae8 17. Rfe1 Qe7 18. Kf2 Qd6 19. Bb5 Rxe1 20. Rxe1 Rxe1 21. Qxe1 Bd7 22. Bxd7 Qxd7 23. c3 g6 24. Qe4 Kg7 25. Qe5+ f6 26. Qe6 Qf7 27. Ke3 Kf8 28. Ke4 c6 29. dxc6 Qxe6+ 30. Kd3 Qxc6 31. Kc2 Ke7 32. b3 Qe6 33. Kd3 Qe1 34. c4 Qf1+ 35. Kc3 Qxg2 36. Kb4 Qxf3 37. a4 Qe4 38. d5 Kd6 39. Kb5 a6+ 40. Kb6 Qd4+ 41. Kxb7 Qc5 42. Kxa6 Qb4 43. Ka7 Qxb3 44. a5 Qxc4 45. Ka8 Qxd5+ 46. Ka7 Qxa5+ 47. Kb7 Qc5 48. Kb8 Qc6 49. Ka7 Qb5 50. Ka8 Kc7 51. h4 Qb7# 0-1

[Event "GER-ch Net Amateur Gr-C Vor2"]
[Site "Playchess.com INT"]
[Date "2020.04.15"]
[Round "3"]
[White "Hierl, Johannes"]
[Black "Niese, Juergen"]
[Result "1-0"]
[WhiteElo "1508"]
[BlackElo "1129"]
[PlyCount "37"]
[EventDate "2020.04.15"]
[EventType "swiss (blitz)"]
[EventRounds "9"]
[EventCountry "GER"]
[SourceTitle "CBM 196 Extra"]
[Source "ChessBase"]
[SourceDate "2020.07.31"]
[SourceVersion "1"]
[SourceVersionDate "2020.07.31"]
[SourceQuality "1"]

1. Nc3 Nf6 2. e4 d6 3. Bc4 Nc6 4. d3 Bg4 5. Nf3 e6 6. 0-0 Be7 7. h3 Bh5 8. Bg5 0-0 9. Re1 e5 10. Bxf6 Bxf6 11. Nd5 Bg5 12. Ne3 Ne7 13. g4 Bg6 14. Nxg5 c6 15. Nf5 Kh8 16. Rf1 f6 17. Nf3 b5 18. Bb3 d5 19. N3h4 1-0

[Event "GER-ch Net blitz qual4"]
[Site "Playchess.com INT"]
[Date "2020.03.23"]
[Round "2"]
[White "Hierl, Johannes"]
[Black "Eckert, David"]
[Result "0-1"]
[WhiteElo "1363"]
[BlackElo "1746"]
[PlyCount "110"]
[EventDate "2020.03.23"]
[EventType "swiss (blitz)"]
[EventRounds "9"]
[EventCountry "GER"]
[SourceTitle "CBM 195 Extra"]
[Source "ChessBase"]
[SourceDate "2020.05.31"]
[SourceVersion "1"]
[SourceVersionDate "2020.05.31"]
[SourceQuality "1"]

1. d4 Nf6 2. Bf4 d5 3. e3 e6 4. c3 Bd6 5. Bg3 Bxg3 6. hxg3 h6 7. Nf3 b6 8. Bd3 Nbd7 9. Nbd2 c5 10. Qe2 Qc7 11. e4 dxe4 12. Nxe4 Bb7 13. 0-0 0-0 14. Rad1 Nxe4 15. Bxe4 Rac8 16. Bxb7 Qxb7 17. Qd3 Qc7 18. d5 exd5 19. Qxd5 Nf6 20. Qe5 Rfe8 21. Qxc7 Rxc7 22. Rfe1 Rce7 23. Kf1 Kf8 24. Rxe7 Rxe7 25. Rd8+ Re8 26. Rxe8+ Kxe8 27. Ke2 Ke7 28. Kd3 g6 29. Nd2 Ng4 30. f3 Ne5+ 31. Ke4 Ke6 32. Nf1 f5+ 33. Ke3 Nc4+ 34. Ke2 Nxb2 35. Ne3 Na4 36. Kd3 b5 37. c4 a6 38. cxb5 axb5 39. Nc2 Nb6 40. Na3 b4 41. Nb5 Kd5 42. Nc7+ Kd6 43. Ne8+ Ke7 44. Nc7 Kd7 45. Nb5 Kc6 46. Na7+ Kd5 47. Nb5 c4+ 48. Kc2 Kc5 49. Nc7 Nd5 50. Ne6+ Kd6 51. Nf4 Nxf4 52. gxf4 Kc5 53. Kb2 Kd4 54. Kc2 Ke3 55. Kb2 Kxf4 0-1

[Event "GER-ch Net blitz qual3"]
[Site "Playchess.com INT"]
[Date "2020.03.21"]
[Round "9"]
[White "Hierl, Johannes"]
[Black "Coudsi, Lucas"]
[Result "1-0"]
[WhiteElo "1363"]
[BlackElo "1178"]
[PlyCount "63"]
[EventDate "2020.03.21"]
[EventType "swiss (blitz)"]
[EventRounds "9"]
[EventCountry "GER"]
[SourceTitle "CBM 195 Extra"]
[Source "ChessBase"]
[SourceDate "2020.05.31"]
[SourceVersion "1"]
[SourceVersionDate "2020.05.31"]
[SourceQuality "1"]

1. Nc3 d5 2. e4 dxe4 3. Nxe4 Bf5 4. Ng3 Qd7 5. Bc4 e6 6. d3 Bb4+ 7. c3 Bd6 8. Nxf5 exf5 9. Nf3 Ne7 10. 0-0 0-0 11. Re1 Nbc6 12. Bg5 Rfe8 13. Qb3 Rf8 14. Be3 Rae8 15. Ng5 Ne5 16. Bb5 Qd8 17. Bxe8 Qxe8 18. Bf4 Nxd3 19. Bxd6 cxd6 20. Red1 Nc5 21. Qc4 Qc6 22. Re1 Qd5 23. Qxd5 Nxd5 24. Rad1 f6 25. Nf3 Nf4 26. Rxd6 Ne4 27. Rd7 Nc5 28. Rdd1 Nfd3 29. Re2 Nf4 30. Ree1 Nfd3 31. Re2 Nf4 32. Red2 1-0

[Event "GER-ch Net blitz qual3"]
[Site "Playchess.com INT"]
[Date "2020.03.21"]
[Round "4"]
[White "Hierl, Johannes"]
[Black "Schaefer, Erich"]
[Result "1-0"]
[WhiteElo "1363"]
[BlackElo "1321"]
[PlyCount "47"]
[EventDate "2020.03.21"]
[EventType "swiss (blitz)"]
[EventRounds "9"]
[EventCountry "GER"]
[SourceTitle "CBM 195 Extra"]
[Source "ChessBase"]
[SourceDate "2020.05.31"]
[SourceVersion "1"]
[SourceVersionDate "2020.05.31"]
[SourceQuality "1"]

1. Nc3 d5 2. e4 d4 3. Nce2 e5 4. Ng3 Nc6 5. Nf3 Nf6 6. Bc4 h6 7. d3 Bg4 8. 0-0 Bd6 9. h3 Bd7 10. Nh4 0-0 11. Nhf5 Ne7 12. Nxd6 cxd6 13. f4 b5 14. Bb3 Qc8 15. Kh2 Ng6 16. f5 Nh4 17. Bd2 d5 18. Qc1 dxe4 19. dxe4 Bc6 20. Bxh6 Nxe4 21. Nxe4 Bxe4 22. Qg5 Nxf5 23. Rxf5 Bxf5 24. Qxg7# 1-0

[Event "GER-ch Net blitz qual3"]
[Site "Playchess.com INT"]
[Date "2020.03.21"]
[Round "7"]
[White "Hierl, Johannes"]
[Black "Tropf, Peter"]
[Result "0-1"]
[WhiteElo "1363"]
[BlackElo "1190"]
[PlyCount "58"]
[EventDate "2020.03.21"]
[EventType "swiss (blitz)"]
[EventRounds "9"]
[EventCountry "GER"]
[SourceTitle "CBM 195 Extra"]
[Source "ChessBase"]
[SourceDate "2020.05.31"]
[SourceVersion "1"]
[SourceVersionDate "2020.05.31"]
[SourceQuality "1"]

1. d4 d5 2. Bf4 c6 3. e3 Nf6 4. c3 e6 5. Nd2 Bd6 6. Bg3 Bxg3 7. hxg3 Nbd7 8. Bd3 0-0 9. Qc2 g6 10. Ngf3 Re8 11. 0-0-0 a5 12. Rh2 b5 13. Rdh1 h5 14. Nh4 Ng4 15. Bxg6 Nxh2 16. Bxf7+ Kxf7 17. Qg6+ Ke7 18. Rxh2 Rg8 19. Qh7+ Kd6 20. e4 dxe4 21. Nxe4+ Kc7 22. Nf6 Qxf6 23. Qxg8 Qh6+ 24. Kb1 Qd2 25. Rh1 Qd3+ 26. Ka1 Bb7 27. Qxe6 a4 28. Nf5 Kb6 29. Nd6 a3 0-1

[Event "GER-ch Net blitz qual2"]
[Site "Playchess.com INT"]
[Date "2020.03.16"]
[Round "1"]
[White "Lerch, Martin Erik"]
[Black "Hierl, Johannes"]
[Result "0-1"]
[WhiteElo "1872"]
[BlackElo "1363"]
[PlyCount "60"]
[EventDate "2020.03.16"]
[EventType "swiss (blitz)"]
[EventRounds "9"]
[EventCountry "GER"]
[SourceTitle "CBM 195 Extra"]
[Source "ChessBase"]
[SourceDate "2020.05.31"]
[SourceVersion "1"]
[SourceVersionDate "2020.05.31"]
[SourceQuality "1"]

1. e4 e5 2. Nc3 Nc6 3. Bc4 Nf6 4. d3 Bb4 5. Nge2 d6 6. 0-0 Na5 7. Bb3 Nxb3 8. axb3 0-0 9. f4 exf4 10. Nxf4 Bc5+ 11. Kh1 Be6 12. Nxe6 fxe6 13. Bg5 Bd4 14. Qd2 h6 15. Bh4 Qd7 16. h3 d5 17. Rae1 Rad8 18. e5 Nh7 19. Bxd8 Rxd8 20. Nd1 Rf8 21. c3 Bb6 22. d4 Qb5 23. Rxf8+ Nxf8 24. Qf4 Qxb3 25. Rf1 Ng6 26. Qf7+ Kh7 27. Qxe6 Qb5 28. Qf5 Qe2 29. h4 h5 30. Qxh5+ Qxh5 0-1

[Event "GER-ch U25-B"]
[Site "Willingen"]
[Date "2019.06.14"]
[Round "8"]
[White "Hierl, Johannes"]
[Black "Lange, Malina"]
[Result "0-1"]
[WhiteElo "1327"]
[BlackElo "1562"]
[PlyCount "42"]
[EventDate "2019.06.08"]
[EventType "swiss"]
[EventRounds "9"]
[EventCountry "GER"]
[SourceTitle "CBM 191 Extra"]
[Source "ChessBase"]
[SourceDate "2019.09.30"]
[SourceVersion "1"]
[SourceVersionDate "2019.09.30"]
[SourceQuality "1"]

1. Nc3 Nf6 2. d4 d5 3. Bf4 Bf5 4. e3 e6 5. Nb5 Na6 6. Nf3 c6 7. Na3 Bxa3 8. bxa3 Qa5+ 9. Nd2 Qxa3 10. Bxa6 Qxa6 11. f3 h5 12. Kf2 0-0 13. Bg5 Nh7 14. f4 Bg4 15. Nf3 Qa4 16. h3 Bf5 17. Ne1 f6 18. Bh4 e5 19. dxe5 fxe5 20. Nd3 exf4 21. Nxf4 Qxc2+ 0-1

[Event "GER-ch U25-B"]
[Site "Willingen"]
[Date "2019.06.09"]
[Round "1"]
[White "Gloeckl, Simon"]
[Black "Hierl, Johannes"]
[Result "1/2-1/2"]
[WhiteElo "1586"]
[BlackElo "1327"]
[PlyCount "74"]
[EventDate "2019.06.08"]
[EventType "swiss"]
[EventRounds "9"]
[EventCountry "GER"]
[SourceTitle "CBM 191 Extra"]
[Source "ChessBase"]
[SourceDate "2019.09.30"]
[SourceVersion "1"]
[SourceVersionDate "2019.09.30"]
[SourceQuality "1"]

1. e4 e5 2. Nf3 d5 3. exd5 e4 4. Qe2 Nf6 5. Nc3 Qe7 6. Nd4 Qe5 7. Nb3 Bd6 8. d4 exd3 9. Qxe5+ Bxe5 10. Bxd3 Bxc3+ 11. bxc3 Nxd5 12. 0-0 0-0 13. Re1 Nc6 14. Bb2 Be6 15. Nc5 Nd8 16. Nxe6 Nxe6 17. Rad1 Nb6 18. g3 Rfe8 19. Be4 c6 20. Bg2 Rad8 21. Bc1 Na4 22. c4 Nc3 23. Rxd8 Rxd8 24. Be3 a6 25. f4 f5 26. Bb6 Rd1 27. Rxd1 Nxd1 28. Kf1 Nb2 29. Ke2 Nxc4 30. Bf2 Kf7 31. Kd3 Nd6 32. h3 h5 33. Be3 Kf6 34. Bf3 g6 35. g4 fxg4 36. hxg4 hxg4 37. Bxg4 Nf5 1/2-1/2